Nový Milorad Pavić

Bibliographic Details
Main Author: Šabík, Vincent, 1937- (Author)
Format: Article
Language:Slovak
PhysicalDescription:Fotogr. 1
ISSN:1210-1982
Subjects:

MARC

LEADER 00000nab a2200000 a 4500
001 vtls000569376
003 SK-MaSNL
005 20260303012900.0
008 120929c1995 xo 0 slo
015 |a SNBRB19rr/mm-uuuuu 
035 |a CL0569514 
040 |a SNKBUCL  |b slo  |c SNKBUCL  |e AACR2 
041 0 |a slo 
044 |a xo  |c SK 
080 |a 82.09:886.1-3  |2 1981 
080 |a 886.1-3.09  |2 1981 
100 1 |a Šabík, Vincent,  |d 1937-  |4 aut  |9 101798 
245 1 0 |a Nový Milorad Pavić  |c Vincent Šabík 
300 |b Fotogr. 1 
600 1 7 |a Pavić, Milorad,  |d 1929-2009  |t Záveterná strana vetra  |2 snkbucl  |9 993027 
655 7 |a úvahy  |2 snkbucl  |9 29403 
655 7 |a články z odboru literárna veda a krásna literatúra  |2 snkbucl  |9 770045 
655 7 |a články z novín a časopisov  |2 snkbucl  |9 267496 
773 0 |t Knižná revue  |g Roč. 5, č. 25-26 (1995), s. 15  |x 1210-1982 
850 |a Slovenská národná knižnica v Martine  |a MTA001 
852 |a SNK  |b KIS3GCP 
958 |a RK 
958 |a LX 
992 |a RBX 
999 |c 1599621  |d 1601551